Función ecológica de la propiedad en los resguardos indígenas de Colombia / (Registro nro. 4399)

Detalles MARC
000 -CABECERA
Campo de control 01223nam a2200301 a 4500
005 - FECHA Y HORA DE LA ULTIMA TRANSACCION
Campo de control 20160215145009.0
008 - ELEMENTOS DE LONGITUD FIJA—INFORMACION GENERAL
Campo de control 090831s2004 ck o gr 00010 spa d
020 ## - ISBN
ISBN 9588225213
040 ## - FUENTE DE CATALOGACIÓN
Agencia catalogadora original CO-BoBLA
Agencia transcriptora CO-BoBLA
Agencia Modificadora CO-BoIAVH
041 0# - IDIOMA
Código de idioma para texto/pista de sonido o título separado Español
044 ## - PAÍS DE PUBLICACIÓN
País de publicación Colombia
082 04 - NUMERO DE CLASIFICACION DECIMAL DEWEY
Número de clasificación 333.2
Número del ítem L84f
100 1# - ASIENTO PRINCIPAL--NOMBRE PERSONAL
Nombre personal Londoño Toro, Beatriz.
9 (RLIN) 1471
245 10 - MENCION DE TITULO
Título Función ecológica de la propiedad en los resguardos indígenas de Colombia /
Mención de responsabilidad Beatriz Londoño Toro ... [y otros 4].
260 3# - PUBLICACION, DISTRIBUCION, ETC. (PIE DE IMPRENTA)
Lugar de publicación, distribución, etc. Bogotá (Colombia) :
Nombre del editor, distribuidor, etc. Universidad del Rosario,
Fecha de publicación, distribución, etc. 2004.
300 ## - DESCRIPCION FISICA
Extensión 160 páginas :
Otros detalles físicos fotografías a color ;
Dimensiones 28 x 21 cm.
504 ## - NOTA DE BIBLIOGRAFIA, ETC.
Nota de bibliografía Incluye bibliografía.
650 #6 - ASIENTO SECUNDARIO DE MATERIA - TERMINO TEMATICO
Término temático o nombre geográfico como elemento de entrada Resguardos indígenas
Subdivisión general Aspectos ambientales
Subdivisión geográfica Colombia.
9 (RLIN) 60031
650 #6 - ASIENTO SECUNDARIO DE MATERIA - TERMINO TEMATICO
Término temático o nombre geográfico como elemento de entrada Control ambiental
Subdivisión geográfica Colombia.
9 (RLIN) 60032
650 #6 - ASIENTO SECUNDARIO DE MATERIA - TERMINO TEMATICO
Término temático o nombre geográfico como elemento de entrada Población indígena
Subdivisión general Tenencia de la tierra.
Subdivisión geográfica Colombia
9 (RLIN) 60033
650 #6 - ASIENTO SECUNDARIO DE MATERIA - TERMINO TEMATICO
Término temático o nombre geográfico como elemento de entrada Propiedad de la tierra
Subdivisión general Aspectos ambientales
Subdivisión geográfica Colombia.
9 (RLIN) 60034
700 1# - ASIENTO SECUNDARIO - NOMBRE PERSONAL
Nombre personal Schütze Páez, Klaus
9 (RLIN) 60035
700 1# - ASIENTO SECUNDARIO - NOMBRE PERSONAL
Nombre personal Lagos, Adriana
9 (RLIN) 1706
700 1# - ASIENTO SECUNDARIO - NOMBRE PERSONAL
Nombre personal Rodríguez, Gloria Amparo
9 (RLIN) 21924
700 1# - ASIENTO SECUNDARIO - NOMBRE PERSONAL
Nombre personal Gutiérrez,Ruth
9 (RLIN) 4234
710 1# - ASIENTO SECUNDARIO - NOMBRE CORPORATIVO
Nombre corporativo o de jurisdicción como elemento de entrada Colombia.
Unidad subordinada Ministerio de Ambiente, Vivienda y Desarrollo Territorial.
9 (RLIN) 60036
942 ## - ELEMENTOS ADICIONALES (KOHA)
Sistema de clasificación Dewey Decimal Classification
Tipo de ítem Libro
Existencias
Withdrawn status Lost status Sistema de Clasificación Damaged status No para préstamo Colección Inventariado Ubicación Permanente Ubicación actual Fecha de adquisición Fuente de Valor Valor Total Checkouts Número topográfico Inventario / Código de Barras Date last seen Ejemplar Price effective from Forma de adquisición Tipo de material
    Dewey Decimal Classification     General Inventariado 2017 Bogotá Bogotá 21/04/2005 Instituto 15000.00   LB-333.2 L84f 017818 04/12/2012 Ej. 1 04/12/2012   Libro